书目信息 |
| 题名: |
中国世界地质公园
|
|
| 作者: | ;国土资源部地质环境司 编 | |
| 分册: | ||
| 出版信息: | 北京 中国环境科学出版社 2004.06 |
|
| 页数: | 141页, [1] 叶图版 | |
| 开本: | 29cm | |
| 丛书名: | ||
| 单 册: | ||
| 中图分类: | K928.70-64 , P562-64 | |
| 科图分类: | ||
| 主题词: | 地质--国家公园--摄影集--中国 | |
| 电子资源: | ||
| ISBN: | 7-80163-878-6 | |
| 000 | 00980nam0 2200241 450 | |
| 001 | 0137591948 | |
| 005 | 20050820092709.98 | |
| 010 | @a7-80163-878-6@b精装@d258.00CNY | |
| 100 | @a20050407d2004 km y0chiy0120 ea | |
| 101 | 0 | @achi@aeng |
| 102 | @aCN@b110000 | |
| 105 | @ay z 000yy | |
| 200 | 1 | @a中国世界地质公园@Azhong guo shi jie di zhi gong yuan@d= The world geoparks of China@f国土资源部地质环境司编@Fguo tu zi yuan bu di zhi huan jing si bian@zeng |
| 210 | @a北京@c中国环境科学出版社@d2004.06 | |
| 215 | @a141页, [1] 叶图版@c彩图, 地图@d29cm | |
| 330 | @a本书以图文并茂的介绍了我国的中国黄山世界地质公园、中国庐山世界地质公园、中国云台山世界地质公园、中国石林世界地质公园等地质公园。 | |
| 510 | 1 | @aWorld geoparks of China@zeng |
| 606 | 0 | @a地质@x国家公园@x摄影集@y中国 |
| 690 | @aK928.70-64@v4 | |
| 690 | @aP562-64@v4 | |
| 711 | 02 | @a国土资源部地质环境司@Aguo tu zi yuan bu di zhi huan jing si@4编 |
| 801 | 0 | @aCN@bQSSK@c20050820 |
| 905 | @a10447@dP562-64@eG945 | |
| 中国世界地质公园= The world geoparks of China/国土资源部地质环境司编.-北京:中国环境科学出版社,2004.06 |
| 141页, [1] 叶图版:彩图, 地图;29cm |
| ISBN 7-80163-878-6(精装):258.00CNY |
| 本书以图文并茂的介绍了我国的中国黄山世界地质公园、中国庐山世界地质公园、中国云台山世界地质公园、中国石林世界地质公园等地质公园。 |
| ● |
| 相关链接 |
|
|
|
正题名:中国世界地质公园
索取号:P562-64/G945
 
预约/预借
| 序号 | 登录号 | 条形码 | 馆藏地/架位号 | 状态 | 备注 |
| 1 | 563851 | 205638513 | 自科库401/401自科库 129排2列2层/ [索取号:P562-64/G945] | 在馆 |